000 00614nam a2200229Ia 4500
003 OSt
005 20221005070302.0
006 a|||||r|||| 00| 0
007 ta
008 221004b |||||||| |||| 00| 0 kan d
024 _a62097
037 _cTextual
040 _aCRL
_cCRL
_bkan
041 _2kan
_akan
082 _aDelta2xM72w, 33L5
100 _aMugali S.
_9605549
245 0 _aSri Aravinda Makaranda
260 _aMysore
_bUsha Sahitya Male India
_c1975
650 _aSPECTRUM ANALYSIS
942 _hDelta2xM72w, 33L5
_cTEXL
_2cc
999 _c975982
_d975982